000 00787nam a22002777a 4500
001 BR0100168
003 BR-BrBNA
005 20230928100738.0
007 ta
008 230509b bl.||||| |||| 00| 0 por d
040 _aBR-BrBNA
_bpor
_cBiblioteca Nacional de Agricultura
041 _a(Por)
072 _aF01
_b1910
090 _ 1910 BR0100168
110 1 _aEmpresa Paranaense de Assistencia Tecnica e Extensao Rural, Curitiba, PR (Brasil)
245 1 _aPastagem suplementar de inverno
260 3 _aCuritiba, PR (Brasil):
_c1988.
300 _a13 p.
500 _a12 illus.
650 _aPastagem Consorciada
650 _aPratica Cultural
650 _aLeguminosa Forrageira
650 _aSuplemento Alimentar
909 _a202309
_bLucia
_c55
_dLucia Elande
942 _cBK
999 _c62606
_d62606